Helpful hints in rural community development for El Salvador.

Bibliographic Details
Main Author: Russell, Daniel S.
Corporate Author: United States. International Cooperation Administration
Format: Book
Language:English
Published: [San Salvador?], [publisher not identified] ; [1956?]
Subjects:

MARC

Tag First Indicator Second Indicator Subfields
LEADER 00000cam a2200000 4500
001 in00000059583
005 20151008050505.0
008 800430s1956 es 00000 eng d
035 |a (OCoLC)06265784 
035 |9 AAG1359AM 
040 |a TXA  |c TXA  |d UtOrBLW 
049 |a TXAM 
090 |a HN190.C6  |b R865 1956 
092 |a 323.354  |b R962s/2 
100 1 |a Russell, Daniel S. 
245 1 0 |a Helpful hints in rural community development for El Salvador. 
264 1 |a [San Salvador?],  |b [publisher not identified] ;  |c [1956?] 
300 |a 10 leaves ;  |c 28 cm. 
336 |a text  |b txt  |2 rdacontent 
337 |a unmediated  |b n  |2 rdamedia 
338 |a volume  |b nc  |2 rdacarrier 
500 |a Report of the ICA community development consultant for El Salvador. 
500 |a Also in Spanish translation. 
650 0 |a Community development  |z Salvador. 
651 0 |a El Salvador  |x Rural conditions. 
710 1 |a United States.  |b International Cooperation Administration. 
999 |a MARS 
999 f f |s 6f8d55fa-3093-37f4-9102-b3c80e1d829d  |i b4d50ddc-ebed-3fc7-9f96-73090bf606c9  |t 0 
952 f f |p ric  |a Texas A&M University  |b Rellis Campus  |c Joint Library Facility  |d Remote Storage  |t 0  |e HN190.C6 R865 1956  |h Library of Congress classification  |i unmediated -- volume  |m A14800665598 
998 f f |a HN190.C6 R865 1956  |t 0  |l Remote Storage